Ballon d'Or : French players ranked since 1990 - Statistics

General Stats
  • This quiz has been taken 614 times
    593 since last reset
  • The average score is 68 of 88
Answer Stats
Year Position Player Club % Correct
1996 28th Zinédine Zidane Girondins de Bordeaux / Juventus
97%
1997 3rd Zinédine Zidane Juventus
97%
1998 1st Zinédine Zidane Juventus
97%
1999 19th Zinédine Zidane Juventus
97%
2000 2nd ZInédine Zidane Juventus
97%
2001 9th Zinédine Zidane Juventus / Real Madrid
97%
2002 4th Zinédine Zidane Real Madrid
97%
2003 5th Zinédine Zidane Real Madrid
97%
2004 23rd Zinédine Zidane Real Madrid
97%
2005 18th Zinédine Zidane Real Madrid
97%
2006 5th Zinédine Zidane Real Madrid / retired
97%
2016 3rd Antoine Griezmann Atlético Madrid
96%
2017 18th Antoine Griezmann Atlético Madrid
96%
2018 3rd Antoine Griezmann Atéltico Madrid
96%
2000 4th Thierry Henry Arsenal
96%
2001 9th Thierry Henry Arsenal
96%
2002 6th Thierry Henry Arsenal
96%
2003 2nd Thierry Henry Arsenal
96%
2004 4th Thierry Henry Arsenal
96%
2005 4th Thierry Henry Arsenal
96%
2006 3rd Thierry Henry Arsenal
96%
2007 19th Thierry Henry Arsenal / Barcelona
96%
2009 15th Thierry Henry Barcelona
96%
2008 nominee Karim Benzema Olympique Lyonnais (no vote)
94%
2009 nominee Karim Benzema Olympique Lyonnais / Real Madrid (no vote)
94%
2011 20th Karim Benzema Real Madrid
94%
2012 21st Karim Benzema Real Madrid
94%
2014 16th Karim Benzema Real Madrid
94%
2015 20th Karim Benzema Real Madrid
94%
2017 25th Karim Benzema Real Madrid
94%
2018 17th Karim Benzema Real Madrid
94%
2017 7th Kylian Mbappé AS Monaco / Paris Saint-Germain
94%
2018 4th Kylian Mbappé Paris Saint-Germain
94%
2014 22nd Paul Pogba Juventus
92%
2015 15th Paul Pogba Juventus
92%
2016 14th Paul Pogba Juventus / Manchester United
92%
2018 15th Paul Pogba Manchester United
92%
2016 20th Hugo Lloris Tottenham Hotspur (ranked but no vote)
91%
2006 13th Franck Ribéry Olympique de Marseille
90%
2007 17th Franck Ribéry Olympique de Marseille / Bayern Munich
90%
2008 16th Franck Ribéry Bayern Munich
90%
2009 28th Franck Ribéry Bayern Munich
90%
2013 3rd Franck Ribéry Bayern Munich
90%
2017 8th N'Golo Kanté Chelsea
88%
2018 11th N'Golo Kanté Chelsea
88%
2018 7th Raphaël Varane Real Madrid
84%
1990 11th Jean-Pierre Papin Olympique de Marseille
79%
1991 1st Jean-Pierre Papin Olympique de Marseille
79%
1992 16th Jean-Pierre Papin Olympique de Marseille / AC Milan
79%
1994 16th Jean-Pierre Papin AC Milan / Bayern Munich
79%
1993 3rd Eric Cantona Manchester United
78%
1994 13th Eric Cantona Manchester United
78%
1996 7th Eric Cantona Manchester United
78%
2016 17th Dimitri Payet West Ham United
72%
2000 22nd David Trezeguet AS Monaco / Juventus
71%
2001 12th David Trezeguet Juventus
71%
2002 15th Patrick Vieira Arsenal
70%
2006 14th Patrick Vieira Juventus / Inter Milan
70%
1994 9th Marcel Desailly AC Milan
69%
1995 11th Marcel Desailly AC Milan
69%
1996 8th Marcel Desailly AC Milan
69%
1998 10th Marcel Desailly AC Milan / Chelsea
69%
2000 24th Marcel Desailly Chelsea
69%
1996 18th Didier Deschamps Juventus
65%
1997 17th Didier Deschamps Juventus
65%
1998 18th Didier Deschamps Juventus
65%
2011 18th Eric Abidal Barcelona
64%
1997 25th Lilian Thuram Parma
63%
1998 7th Lilian Thuram Parma
63%
2005 13th Claude Makélélé Chelsea
59%
1998 12th Emmanuel Petit Arsenal
58%
1991 21st Laurent Blanc Montpellier / Napoli
58%
1997 33rd Laurent Blanc Barcelona / Olympique de Marseille
58%
1998 14th Laurent Blanc Olympique de Marseille
58%
2000 27th Laurent Blanc Inter Milan
58%
1998 14th Fabien Barthez AS Monaco
56%
2000 12th Fabien Barthez AS Monaco / Manchester United
56%
1998 28th Bixente Lizarazu Bayern Munich
55%
2001 11th Bixente Lizarazu Bayern Munich
55%
2004 24th Ludovic Giuly AS Monaco / Barcelona
41%
1996 9th Youri Djorkaeff Paris Saint-Germain / Inter Milan
39%
1997 11th Youri Djorkaeff Inter Milan
39%
1999 26th David Ginola Tottenham Hotspurs
36%
2009 20th Yoann Gourcuff Girondins de Bordeaux
34%
1993 15th Basile Boli Olympique de Marseille
27%
1993 21st Franck Sauzée Olympique de Marseille / Atalanta Bergamo
11%
1991 13th Bruno Martini AJ Auxerre
5%
2018 29th Hugo Lloirs Tottenham Hotspur (ranked but no vote)
1%
No matching quizzes found
Score Distribution
Percent of People with Each Score
Percentile by Number Answered
Your Score History
You have not taken this quiz since the last reset